000 00932nam a2200289Ia 4500
003 OSt
005 20221006160214.0
006 a|||||r|||| 00| 0
007 ta
008 221006b |||||||| |||| 00| 0 eng d
020 _a9780815731696
_c
_19.95
024 _a44,610
037 _bGift, Window on Korea
_cTextual
040 _aEASL
_cEASL
_beng
041 _2eng
_aeng
082 _aV495:1973.N88, N9
100 _aGleysteen William H.
_9672392
245 0 _aMassive entanglement, Marginal influence
_b Carter and Korea in crisis
260 _aWashington
_bBrookings Institution Press Korea
_c1999
300 _a248p.
_ccm.
490 _v KEL
650 _a Korea-Politics and Government
_9647107
650 _a United states- Foreign relations- Korea
_9653847
650 _aKEL
942 _hV495:1973.N88, N9
_cTEXL
_2CC
999 _c1112702
_d1112702